01469nam a22001457a 4500008004100000020001800041082002400059100004300083245020400126260007600330300003000406505070100436650006901137700011701206150410b xxu||||| |||| 00| 0 eng d a9789930944387 a709.972.86bCh 512c aChavaria Zamora, Maria Jose (curadora) aConstrucciones invencionesbde la Suiza Centroamericana al pais mas feliz del mundocChavaria Zamora, Maria Jose (curadora), Resenterra Quiros, Fiorella (prologo), Artavia Vindas, Adriana (fotografa) aSan Jose, Costa RicabMuseo de Arte y Diseño Contemporaneo MADCc2013 a81 p.bill. (col)c21 cm. tLa Suiza CentroamericanarFiorella ResenterratDe construcciones e invencionesrMaria Jose ChavarriatObras y sinopsistTextos de los conversatorios en torno a la exposicionrVictor Hugo Acuña (Historiador), Pablo Hernández (filosofo), Marta Rosa Cardoso (Historiadora del arte), Javier Calvo (artista), Carlos Sojo (sociologo), Anna Matteucci (artista), Edgar León (artista), Mauricio Menjivar (sociologo), José Alberto Hernández (artista), Fernando Benach (artista), Roberto Guerrero (artista), Sergio Villena (sociologo), Emilia Villegas (artista), Jurgen Ureña (productor audiovisual), Pablo Ortega Rodriguez (productor audiovisual), Gabriela Hernández (productora audiovisual). xHistoria del arte-Costa Ricaxarte-Costa RicaxCatalogos de arte a Maria Jose Chavaria Zamora (curadora), Fiorella Resenterra Quiros (prologo), Adriana Artavia Vindas,(fotografa)